Podział administracyjny Peru - Statystyki

Ogólne statystyki
  • Ten quiz został rozwiązany 43 razy
  • Średni wynik to 18 z 26
Statystyki odpowiedzi
Odpowiedź % Poprawnych
Lima
93%
Lima
93%
Arequipa
80%
Cuzco
80%
Amazonas
73%
Cajamarca
73%
Madre de Dios
73%
Piura
73%
Puno
73%
Apurímac
67%
Callao
67%
Huancavelica
67%
Huánuco
67%
Junín
67%
La Libertad
67%
Loreto
67%
Moquegua
67%
Pasco
67%
Tacna
67%
Tumbes
67%
Ancash
60%
Ica
60%
San Martín
60%
Ukajali
60%
Ayacucho
53%
Lambayeque
53%
Nie znaleziono quizów pasujących do podanych kryteriów
Rozkład punktacji
Procent ludzi z każdym wynikiem
Percentyl według liczby udzielonych odpowiedzi
Twoja historia wyników
Nie rozwiązałeś tego quizu